औरत की आवाज़ / (Record no. 209987)

MARC details
000 -LEADER
fixed length control field 00840nam a22001697a 4500
005 - DATE AND TIME OF LATEST TRANSACTION
control field 20250307103040.0
020 ## - INTERNATIONAL STANDARD BOOK NUMBER
International Standard Book Number 9789393603432
Terms of availability 495.00
037 ## - SOURCE OF ACQUISITION
Source of stock number/acquisition लोकभारती प्रकाशन
082 ## - DEWEY DECIMAL CLASSIFICATION NUMBER
Classification number 820.8
100 ## - MAIN ENTRY--PERSONAL NAME
Personal name शर्मा , नासिरा
245 ## - TITLE STATEMENT
Title औरत की आवाज़ /
Statement of responsibility, etc नासिरा शर्मा
250 ## - EDITION STATEMENT
Edition statement प्रथम
260 ## - PUBLICATION, DISTRIBUTION, ETC. (IMPRINT)
Place of publication, distribution, etc प्रयागराज
Name of publisher, distributor, etc लोकभारती प्रकाशन
Date of publication, distribution, etc 2023
270 ## - ADDRESS
Address पहली मंजिल, दरबारी बिल्डिंग, महात्मा गाँधी मार्ग
City प्रयागराज
Postal code 211001
Electronic mail address info@lokbhartiprakashan.com
300 ## - PHYSICAL DESCRIPTION
Extent 166 पृ.
Dimensions 23 सेमी (सजिल्द)
942 ## - ADDED ENTRY ELEMENTS (KOHA)
Source of classification or shelving scheme Dewey Decimal Classification
Item type Hindi Books
Classification part 820.8
Call number suffix शर्माना

No items available.


© Delhi Public Library
Hit Counter
free hit counter